000 00398nam a2200157Ia 4500
008 210210b1983 xxu||||| |||| 00| 0 eng d
020 _a0 15 331266 1
041 _aeng
082 _a371.30281 EARG
100 _aEARLY (Margaret).
245 _aGolden voyages.
260 _aOrlando.
_bHarcourt Brace Jovanovich Publishers.,
_c1983
300 _axvi,576
690 _aEducation
906 _a049346
999 _c98519
_d98519